Uniform starts with U: a Campaign Proposal for establishing a Gender-Neutral Uniform for the studensts of the University of Rizal System. (Record no. 80793)

MARC details
000 -LEADER
fixed length control field 01831nam a22002297a 4500
003 - CONTROL NUMBER IDENTIFIER
control field URS
005 - DATE AND TIME OF LATEST TRANSACTION
control field 20251015080005.0
008 - FIXED-LENGTH DATA ELEMENTS--GENERAL INFORMATION
fixed length control field 240917b |||||||| |||| 00| 0 eng d
040 ## - CATALOGING SOURCE
Transcribing agency URS
050 ## - LIBRARY OF CONGRESS CALL NUMBER
Classification number BVC00005
100 ## - MAIN ENTRY--PERSONAL NAME
Relator code author
Personal name Batalon, Ahlen Ken A.
245 ## - TITLE STATEMENT
Title Uniform starts with U: a Campaign Proposal for establishing a Gender-Neutral Uniform for the studensts of the University of Rizal System.
260 ## - PUBLICATION, DISTRIBUTION, ETC.
Place of publication, distribution, etc. Angono, Rizal:
Date of publication, distribution, etc. 2024
300 ## - PHYSICAL DESCRIPTION
Extent ix, 156 p. ; 30 cm.
520 ## - SUMMARY, ETC.
Summary, etc. This research is an advocacy campaign for the ongoing concerns on the heteronormative student uniforms that are still prevalent and a subject for debate in this present day where gender is more diverse. The researchers attempt to find a solution by proposing a gender-neutral uniform where it provides a new option for the students especially for those with diverse SOGIE and challenges the stereotypes regarding the school uniforms. Therefore, this uniform can provide a safe and inclusive environment for the students since it can disrupt discrimination and gender stereotypes in an academic institution. Through this study, the researchers explore different disciplines regarding the students’ perceptions, materials, and designs to ensure that the uniform will fit with the student’s preference while also examining its market potential. This advocacy campaign is a great way to voice out the concerns of the students to improve and maintain their healthy social welfare.<br/>
700 ## - ADDED ENTRY--PERSONAL NAME
Relator code author
Personal name Gallar, Reniel S.
700 ## - ADDED ENTRY--PERSONAL NAME
Relator code author
Personal name Gatchalian, Vinn Adrian H.
700 ## - ADDED ENTRY--PERSONAL NAME
Relator code author
Personal name Mercader, Kenneth M.
856 ## - ELECTRONIC LOCATION AND ACCESS
Materials specified Online Request for Student Unpublished Works
Uniform Resource Identifier <a href="https://forms.gle/7LqvGGkaDrUQqz429">https://forms.gle/7LqvGGkaDrUQqz429</a>
856 ## - ELECTRONIC LOCATION AND ACCESS
Uniform Resource Identifier <a href="https://drive.google.com/drive/folders/19E-i6Wu2MzsOv6fTkBJLgv8LtCzm-oWy?usp=sharing">https://drive.google.com/drive/folders/19E-i6Wu2MzsOv6fTkBJLgv8LtCzm-oWy?usp=sharing</a>
942 ## - ADDED ENTRY ELEMENTS (KOHA)
Source of classification or shelving scheme Library of Congress Classification
Koha item type Theses and dissertations
Holdings
Withdrawn status Source of classification or shelving scheme Damaged status Not for loan Home library Current library Date acquired Total Checkouts Full call number Barcode Date last seen Price effective from Koha item type
  Library of Congress Classification     Angono College Library Angono College Library 09/17/2024   BVC00005 BVC00005 09/17/2024 09/17/2024 Theses and dissertations

University of Rizal System
Email us at univlibservices@urs.edu.ph

Visit our Website www.urs.edu.ph/library